• 首页
  • 本馆介绍
  • 公告通知
  • 最新文献
  • 馆藏检索
  • 电子资源
  • 读者导购
  • 参考咨询
  • 我的图书馆
  • 登录
  • 详细信息显示
  • 放入我的书架
  • 预约/预借图书
  • 作者相关作品
  • 分类相关作品
  • 丛书相关作品
  • 出版社相关作品

书目信息

  • 表格格式
  • 工作单格式
  • 卡片格式
题名:
图书馆全民阅读推广与服务模式构建研究
    
 
作者: 肖三霞 著
分册:  
出版信息: 长春   吉林出版集团股份有限公司  2020.05
页数: 213页
开本: 24cm
丛书名:
单 册:
中图分类: G259.252 , G252.17
科图分类:
主题词: 公共图书馆--gong gong tu shu guan--图书馆服务--研究--中国 , 读书活动--du shu huo dong--研究--中国
电子资源:
ISBN: 978-7-5581-8318-8
000 01003nam0 2200253 450
001 0109110054
005 20201109110333.0
010    @a978-7-5581-8318-8@dCNY65.00
100    @a20201017d2020 em y0chiy50 ea
101 0  @achi
102    @aCN@b220000
105    @ay z 000yy
106    @ar
200 1  @a图书馆全民阅读推广与服务模式构建研究@Atu shu guan quan min yue du tui guang yu fu wu mo shi gou jian yan jiu@f肖三霞著
210    @a长春@c吉林出版集团股份有限公司@d2020.05
215    @a213页@d24cm
330    @a本书分析了我国全民阅读的现状及其存在问题的原因,阐述了图书馆在推广全民阅读中的作用,对图书馆推广全民阅读的服务模式进行了探究,并提出了相应的推广策略,以期为提高人们的阅读水平和综合素质提供借鉴。
606 0  @a公共图书馆@Agong gong tu shu guan@x图书馆服务@x研究@y中国
606 0  @a读书活动@Adu shu huo dong@x研究@y中国
690    @aG259.252@v5
690    @aG252.17@v5
701  0 @a肖三霞@Axiao san xia@4著
801  0 @aCN@bBJSZM@c20201103
905    @b1265831-5@dG259.252@e40@f5
    
    图书馆全民阅读推广与服务模式构建研究/肖三霞著.-长春:吉林出版集团股份有限公司,2020.05
    213页;24cm
    
    
    ISBN 978-7-5581-8318-8:CNY65.00
    本书分析了我国全民阅读的现状及其存在问题的原因,阐述了图书馆在推广全民阅读中的作用,对图书馆推广全民阅读的服务模式进行了探究,并提出了相应的推广策略,以期为提高人们的阅读水平和综合素质提供借鉴。
●
相关链接 在E读中查询图书 在五车中查询图书 在当当中查询图书 在豆瓣中查询图书


正题名:图书馆全民阅读推广与服务模式构建研究     索取号:G259.252/40         预约/预借

序号 登录号 条形码 馆藏地/架位号 状态 备注
1 1265831   212658319   第一样本阅览室/ [索取号:G259.252/40] 在馆    
2 1265832   212658328   教育系资料室/ [索取号:G259.252/40] 在馆    
3 1265833   212658337   教育系资料室/ [索取号:G259.252/40] 在馆    
4 1265834   212658346   第四借阅区/ [索取号:G259.252/40] 在馆    
5 1265835   212658355   第四借阅区/ [索取号:G259.252/40] 在馆    
唐山师范学院图书馆 欢迎您!
大连网信软件有限公司© 版权所有